00527nam a22001815i 450000100060000000300090000600700030001500800410001804000200005910000290007924500550010826000440016330000200020749000340022750500260026183000340028785200240032148835ES-MaACLt|950907s1869 gw ||||1| eng d aCAM bspa cCAM1 aDixon, William Hepworth.10aHer Majesty's Tower / cby William Hepworth Dixon. aLeipzig : bBernhard Tauchnitz, c1869. a2 v. ; c16 cm.1 aCollection of British authors8 aContiene 4 t. en 2 v.0 aCollection of British authors aES-MaACLjG-12382-3